| 000 | 01499nam a2200277Ia 4500 | ||
|---|---|---|---|
| 999 |
_c34863 _d34863 |
||
| 001 | 681 | ||
| 003 | GE_BSU | ||
| 005 | 20211209130619.0 | ||
| 008 | 181216s2005||||ge |||||||||||||| ||geo|| | ||
| 020 | _a9994000411 | ||
| 040 | _cGE_BSU | ||
| 041 | _ageo | ||
| 080 | _a330.101(075.8) ო-38 | ||
| 100 |
_aოთინაშვილი, რამაზ _913238 |
||
| 245 |
_aეკონომიკური უსაფრთხოება ანალიზის ანტიკრიმინალური ასპექტი : _bდამხმარე სახელმძღვანელო / _cრამაზ ოთინაშვილი ; რედაქტორი კარლო ღურწკაია ; საქართველოს ტექნიკური უნივერსიტეტი. |
||
| 264 |
_aთბილისი, _c2005. |
||
| 300 |
_a440 გვ. _bცხრ. ; _c20 სმ. |
||
| 504 | _aბიბლიოგრაფია ტექსტის შენიშვნებში. | ||
| 541 | _h15 ლ. | ||
| 653 | _aმაკროეკონომიკა | ||
| 653 | _aმიკროეკონომიკა | ||
| 653 | _aეკონომიკური უსაფრთხოება | ||
| 700 |
_aღურწკაია, კარლო _eრედაქტორი _93333 |
||
| 710 |
_aსაქართველოს ტექნიკური უნივერსიტეტი _913239 |
||
| 942 |
_cBK _2udc |
||